000 00318nam a22001337a 4500
008 171030b xxu||||| |||| 00| 0 eng d
020 _a0697042235
041 _aeng
080 _22ND
_a33
100 _a58
101 _aBUS
245 _aCOMMUNICATION FOR BUSINESS AND THE PROFESSIONS
_cBRADLEY,P,H
942 _2udc
_cBK
999 _c36507
_d36507